000 00537nam a2200181Ia 4500
003 GCL
008 140319s9999 xx 000 0 aFre d
020 _a2724702158
040 _aGCL /
_cGCL
082 0 4 _aCC
_b962.02
_bR E
100 1 _aRAYMOND, A.
245 1 0 _aEGYPTIENS ET FRANCAIS AU CAIRE 1798 - 1801 /
_cRAYMOND, A.
260 _aفرنسا :
_bINSTITUTE FRANCAIS D'ARCHEOLOGIE ORIETAL ،
_c1992
300 _a26 CM ؛
_c391 P
650 0 4 _aEGYPT
650 0 4 _aEGYPT - HISTORY - FRENCH OCCUPATION, 1798 - 1801
942 _2ddc
_cBK
999 _c715
_d715